| 000 | 01980cam a22003494a 4500 | ||
|---|---|---|---|
| 001 | 13958564 | ||
| 003 | OSt | ||
| 005 | 20170928020106.0 | ||
| 008 | 050509s2005 dcuab bf 001 0 eng | ||
| 010 | _a 2005049129 | ||
| 020 | _a079223877X (alk. paper) | ||
| 020 | _a0792268342 (alk. paper) | ||
| 035 | _a(OCoLC)ocm60373691 | ||
| 040 |
_aDLC _cDLC _dYDX _dBAKER _dVP@ _dYBM _dDAY _dDLC |
||
| 042 | _apcc | ||
| 050 | 0 | 0 |
_aG123 _b.N37 2005 |
| 082 | 0 | 0 |
_a910 _222 |
| 245 | 0 | 0 |
_aNational Geographic almanac of geography / _ccontributing geographers, chief consultant, Roger M. Downs ; Frederick A. Day ... [et al.]. |
| 246 | 3 | 0 | _aAlmanac of geography |
| 260 |
_aWashington, D.C. : _bNational Geographic, _cc2005. |
||
| 300 |
_a512 p. : _bill. (chiefly col.), col. maps ; _c25 cm. |
||
| 504 | _aIncludes bibliographical references and index. | ||
| 505 | 0 | _aI: Geography past and present -- What is geography? -- History of geography -- Geography today -- Maps and globes -- II: Physical geography -- Planet earth -- Weather -- Climate -- Earth materials and tectonic processes -- Landforms and landscapes -- Soils and bioregions -- Sources of further information -- III: Human geography -- Population -- Migration -- Cultural geography -- Economic geography -- Urban geography -- Political geography -- Environment and society -- IV: Places -- Country by country -- World maps. | |
| 650 | 0 |
_aGeography _vHandbooks, manuals, etc. |
|
| 700 | 1 | _aDowns, Roger M. | |
| 700 | 1 | _aDay, Frederick Albert. | |
| 856 | 4 | 2 |
_3Contributor biographical information _uhttp://www.loc.gov/catdir/enhancements/fy0645/2005049129-b.html |
| 856 | 4 | 2 |
_3Publisher description _uhttp://www.loc.gov/catdir/enhancements/fy0645/2005049129-d.html |
| 906 |
_a7 _bcbc _corignew _d1 _eocip _f20 _gy-gencatlg |
||
| 942 |
_2lcc _cBOOKS _hG 123 .D69 1996 _01 |
||
| 999 |
_c15133 _d15133 |
||